000 00664cam a2200229 a 4500
001 14205441
005 20250829123101.0
008 051220s2007 maua b 001 0 eng
020 _a0205474535
020 _a9780205474530
050 0 0 _aBF721
_b.B336 2007
082 0 0 _a155.4
_222
100 1 _aBee, Helen L.,
_d1939-
245 1 4 _aThe developing child /
_cHelen Bee, Denise Boyd.
250 _a11th ed.
260 _aBoston :
_bPearson/Allyn & Bacon,
_cc2007.
300 _axxx, 572 p. :
_bcol. ill. ;
_c29 cm.
650 0 _aChild psychology
_vTextbooks.
650 0 _aChild development
_vTextbooks.
700 1 _aBoyd, Denise Roberts.
942 _2lcc
_cBK
_n0
999 _c7401
_d7401